| 000 | 00793nam a2200253 a 4500 | ||
|---|---|---|---|
| 001 | BRCA_4330 | ||
| 005 | 20190320204629.0 | ||
| 008 | 210410s1843----gw-#######---#000-0#fre-# | ||
| 041 | _afre | ||
| 044 | _agw | ||
| 050 | 4 |
_aNE90 _b.B37 1843 |
|
| 100 | 1 |
_aBartsch, Adam _d1757-1821 _911097 |
|
| 245 | 1 | 0 |
_aSuppléments au Peintre-Graveur _cde Adam Bartsch. |
| 260 |
_aLeipzig, Alemania _bRudolph Weigel _c1843 |
||
| 300 |
_aviii, 350 p. _c18 cm. |
||
| 500 | _aSuplemento inventariado por Banco de México como libro | ||
| 500 | _aEstado físico: Encuadernación y lomo desprendido | ||
| 500 | _aVer también A46 para la colección anterior a este suplemento | ||
| 500 | _aCG8 | ||
| 650 | 1 | 4 |
_aGrabadores _97352 |
| 650 | 1 | 4 |
_aGrabados _vCatálogos _910348 |
| 902 | _aGFM | ||
| 942 |
_2lcc _cB |
||
| 999 |
_c4041 _d4041 |
||